000 01123nam a2200205Ii 4500
003 JO-AjNU
008 230605s9999||||xx |||||||||||||| ||und||
017 _a1996/2/186
040 _aJO-AjNU
_bara
_erda
_cJO-AjNU
041 _aara
050 1 4 _aDS154.53.W37 1996
100 3 _aعبدالله بن الحسين بن علي، ملك الأردن، 1988 - 1951؛ اشراف البخيت، محمد عدنان، جمع وإعداد محمد عدنان البخيت، جمع وإعداد هند غسان أبو الشعر، جمع وإعداد نوفان رجا السوارية,
_eauthor
_953829
245 0 0 _aالوثائق الهاشمية: أوراق عبدالله بن الحسين والبيعة بالخلافة 1342هجري/1924م، الجزء السابع
264 3 1 _aالمفرق: جامعة ال البيت، 1996
300 _aج7، 592ص
336 _atext
_btxt
_2rdacontent
337 _aunmediated
_bn
_2rdamedia
338 _avolume
_bnc
_2rdacarrier
650 4 _aالاردن - تاريخ -اصحاب الجلالة الهاشمية عبدالله بن الحسين الاول - مبايعات
_953830
999 _aA23927
_c27495
_d27495